A non-linear approach to modelling asymmetry in a time series

Gespeichert in:
Bibliographische Detailangaben
1. Verfasser: Rublíková, Eva
Weitere Verfasser: Magalhães Hill, Manuela
Format: Buchkapitel
Sprache:Englisch
Tags: Tag hinzufügen
Keine Tags, Fügen Sie das erste Tag hinzu!

MARC

LEADER 00000naa$a2200000$$$4500
001 0066900
005 20240502083159.4
041 0 |a eng 
044 |a PT 
245 1 0 |a A non-linear approach to modelling asymmetry in a time series  |c Eva Rublíková, Manuela Magalhães Hill 
100 1 |a Rublíková, Eva 
700 1 |a Magalhães Hill, Manuela